Every Kirby Copy Ability - Statistics

General Stats
  • This quiz has been taken 1,036 times
    1,029 since last reset
  • The average score is 26 of 55
Answer Stats
Game Answer % Correct
Adventure Fire
94%
Adventure Sword
91%
Adventure Ice
86%
Adventure Stone
76%
Adventure Hammer
75%
Return to Dream Land Water
74%
Adventure Beam
67%
Adventure Cutter
65%
Super Star Fighter
64%
Adventure Wheel
64%
Super Star Bomb
62%
Adventure Mike
58%
Adventure Spark
56%
Super Star Wing
56%
Return to Dream Land Leaf
55%
Super Star Ninja
55%
Amazing Mirror Mirror
53%
Adventure Tornado
52%
Adventure Crash
51%
Adventure Sleep
51%
Adventure UFO
49%
Adventure Ball
47%
Super Star Plasma
45%
Super Star Copy
44%
Adventure Parasol
44%
Return to Dream Land Whip
44%
Adventure Burning (Fireball)
43%
Super Star Yoyo
43%
Triple Deluxe Archer
42%
Triple Deluxe Beetle
42%
Adventure Needle
42%
Squeek Squad Animal
41%
Adventure Laser
41%
Adventure Hi-Jump
40%
Triple Deluxe Circus
39%
Super Star Suplex
39%
Super Star Cook
38%
Super Star Jet
38%
Amazing Mirror Magic
38%
Return to Dream Land Spear
38%
Triple Deluxe Bell
37%
Adventure Freeze
36%
Adventure Paint
35%
Adventure Throw
35%
Adventure Light
33%
Squeek Squad Metal
33%
Squeek Squad Bubble
32%
Squeek Squad Ghost
32%
Amazing Mirror Smash
32%
Dream Land 3 Clean
31%
Amazing Mirror Cupid
27%
Adventure Backdrop
22%
Amazing Mirror Mini
22%
Adventure Missile
21%
Canvas Curse Balloon
20%
No matching quizzes found
Score Distribution
Percent of People with Each Score
Percentile by Number Answered
Your Score History
You have not taken this quiz since the last reset